[Event "ICS rated blitz match"]
[Site "204.178.125.65"]
[Date "1999.08.10"]
[Round "?"]
[White "Hossa"]
[Black "Big-Pawn"]
[Result "1-0"]
[WhiteElo "2455"]
[BlackElo "2101"]
[Annotator "Fritz 5.32 (19s)"]
[PlyCount "83"]
[EventDate "1999.??.??"]

1. d4 1... g6 {Opening = A42 - 2.c4 g6 3.Nc3 Bg7 4.e4} 2. c4 Bg7 3. e4 d6 4.
Nc3 Nc6 5. d5 5... Nb8 $146 (5... Nd4 6. Be3 (6. Nge2 e5 7. Be3 Bg4 8. Qd2 Bxe2
9. Bxe2 c5 10. dxc6 bxc6 11. O-O Ne7 12. b4 O-O 13. Rab1 Kh8 14. Bd3 f5 15. f3
d5 16. cxd5 cxd5 17. exf5 gxf5 18. Bxd4 exd4 19. Na4 Qd6 20. Nc5 20... Ng6 {
Cebalo,M-Sulava,N/op, Toscolano ITA (7) 1996/1-0 (49)}) 6... c5 7. Nge2 Qb6 8.
Na4 Qa5+ 9. Bd2 Qa6 (9... Qc7 10. Bc3 e5 11. dxe6 Nxe6 12. Bxg7 Nxg7 13. Nec3
Nf6 14. Bd3 O-O 15. O-O Ne6 16. f4 Nd4 17. Qd2 Bd7 18. Rae1 Bc6 19. f5 Rae8 20.
Re3 a6 21. Rh3 b5 22. Qh6 bxa4 23. g4 Re5 24. g5 {
Burgess,G-Phillips,R/4NCL, Kenilworth ENG 1997/1-0 (46)}) 10. Nxd4 Bxd4 11. Nc3
Qb6 (11... Bd7 12. Bd3 h5 13. h3 Nh6 14. Qc1 Bg7 15. O-O b6 16. Re1 Qc8 17. Kh2
Kd8 18. a4 a5 19. f4 Rh7 20. e5 Bf5 21. Qc2 Bxd3 22. Qxd3 Qf5 23. Qf3 g5 24.
exd6 exd6 25. Qe4 Qxe4 26. Nxe4 {
1-0 Vaisser,A-Baumegger,S/EU-ch, Athens GRE 1997 (26)}) 12. Bd3 Bd7 13. O-O h5
14. Qc2 Nh6 15. Ne2 Bg7 16. Rab1 a5 17. h3 Kf8 18. Bg5 Ng8 19. f4 h4 20. e5 {
Biriukov,O-Chepukaitis,G/ch-city, St Petersburg RUS 1997/1-0 (42)}) (5... Ne5
6. f4 Nd7 7. Nf3 c6 8. Be2 Qb6 9. Na4 Qc7 10. O-O Ngf6 11. Bd3 O-O 12. Kh1 cxd5
13. cxd5 b5 14. Nc3 b4 15. Nb5 Qb6 16. Qe2 Nc5 17. Be3 Qb8 18. Rac1 Nxd3 19.
Qxd3 Ba6 20. Nfd4 {Brooke,J-Dunnington,A/Oxford ENG 1998/0-1 (33)}) 6. Bd3 e5
7. Be3 Ne7 8. Qa4+ Bd7 9. Qb3 9... b6 {Sichert c5} 10. Bg5 O-O 11. Nge2 f6 12.
Bh4 g5 13. Bg3 13... f5 {Der Standardhebel} 14. f3 14... f4 {
Schwarz gewinnt Raum} 15. Bf2 15... h5 {Schwarz plant g4} 16. h4 (16. c5 Be8 (
16... dxc5 $2 17. d6+ Kh8 18. dxe7 Qxe7 19. O-O $18) 17. c6 17... Bf7 $14)
16... g4 {Spiel gegen die Bauernkette} 17. fxg4 17... Bxg4 {
Da gehoert der Laeufer hin} 18. O-O-O Ng6 19. Qb4 Na6 20. Qa4 Nc5 21. Qc2 Bh6
22. Kb1 22... Qf6 $11 {Ermoeglicht auch f3} (22... Nxd3 23. Rxd3 (23. Qxd3 $2
23... f3 24. Bg3 fxe2 25. Nxe2 25... b5 $19) 23... a6 24. Ng1 $15) 23. Rdf1
Nxd3 24. Qxd3 f3 (24... a6 25. Ng1 $11) 25. gxf3 25... Qxf3 {
Schwarz entwickelt Drohungen in der offenen f-Linie.} 26. Qd1 26... Qg2 $14 (
26... Nf4 27. Rhg1 Qd3+ 28. Qc2 Qxc4 29. Ng3 $15) 27. Rhg1 Qh3 28. Ka1 Nf4 29.
Nxf4 $11 (29. Qb1 Nxe2 30. Nxe2 30... Kh8 $14) 29... Rxf4 {
Die Sturmspitze auf f4} 30. Qb1 $15 (30. Ne2 Rf7 31. Qc2 31... Raf8 $15) 30...
Raf8 31. Qc2 $4 $19 (31. Rh1 Qg2 32. Rhg1 Rxf2 33. Rxg2 Rxf1 34. Nd1 $19) 31...
Qh2 32. Rh1 (32. Nd1 Bg7 33. Re1 Bxd1 (33... Rxf2 $6 34. Nxf2 Rxf2 35. Qc3 $19)
34. Qxd1 Qxf2 35. Qxh5 Qxg1 36. Rxg1 Rf1+ 37. Qd1 Rxd1+ 38. Rxd1 38... Rf4 $19)
32... Qg2 $17 (32... Rxf2 $142 {sichert den Gewinn} 33. Rxh2 Rxf1+ 34. Nb1 Rc1
35. Qxc1 35... Bxc1 $19) 33. Rhg1 33... Qh2 $4 $11 {vergibt den Vorteil} (33...
Rxf2 $142 {und Schwarz bekommt die Oberhand} 34. Rxg2 Rxf1+ 35. Nb1 Kh8 36.
Rxg4 36... hxg4 $19) 34. Rh1 34... Qg2 $11 (34... Rxf2 $142 {
und nichts geht mehr} 35. Rxh2 Rxf1+ 36. Nb1 36... Rc1 $19) 35. Rhg1 35... Qf3
$15 (35... Rxf2 $142 {und die Waage neigt sich zugunsten von Schwarz} 36. Rxg2
Rxf1+ 37. Nb1 Kh8 38. Rxg4 38... hxg4 $19) 36. b4 $17 (36. Rh1 36... a6 $15)
36... Kh8 37. b5 $19 {Raumvorteil} (37. Rh1 $5 $15 $142 {ist interessant})
37... Qh3 38. Na4 Rf3 39. Nb2 Be3 40. Nd1 Bxf2 41. Rxf2 41... Qh2 $4 $18 {
vergibt den sicheren Gewinn} (41... Rxf2 $142 {nun kommt Schwarz in Vorteil}
42. Nxf2 42... Qe3 $19 (42... Qxh4 $6 {ist minderwertig} 43. Nxg4 hxg4 44. Qd1
$11)) 42. Rxh2 (42. Rxh2 Rf1 43. Rxf1 Rxf1 44. Rd2 $18) 1-0

[Event "ICS rated blitz match"]
[Site "204.178.125.65"]
[Date "1999.08.10"]
[Round "?"]
[White "sivacash"]
[Black "Hossa"]
[Result "0-1"]
[WhiteElo "2063"]
[BlackElo "2466"]
[Annotator "Fritz 5.32 (19s)"]
[PlyCount "28"]
[EventDate "1999.??.??"]

1. e4 1... e5 {Opening = C68 - 3.Bb5 a6 4.Bc6(dc6 5.0-0 ---)} 2. Nf3 Nc6 3. Bb5
a6 4. Bxc6 dxc6 5. d4 Bg4 6. dxe5 Qxd1+ 7. Kxd1 O-O-O+ 8. Ke2 8... f6 {
Staerkt g5} 9. exf6 Nxf6 10. Bg5 $11 (10. h3 $5 {kam sehr in Betracht} 10...
Bh5 11. e5 $14) 10... Re8 11. Bxf6 Rxe4+ 12. Kd3 Bf5 13. Nh4 $4 $19 (13. Nbd2
$142 {bringt noch Rettung} 13... Rg4+ 14. Ke2 gxf6 15. h3 Rxg2 16. Nh4 $17)
13... Rxh4+ $1 {nun ist alles klar} 14. Ke3 Bc5+ (14... Bc5+ 15. Kf3 15... gxf6
$19) 0-1

[Event "ICS rated blitz match"]
[Site "204.178.125.65"]
[Date "1999.08.10"]
[Round "?"]
[White "Hossa"]
[Black "Big-Pawn"]
[Result "1/2-1/2"]
[WhiteElo "2469"]
[BlackElo "2094"]
[Annotator "Fritz 5.32 (19s)"]
[PlyCount "87"]
[EventDate "1999.??.??"]

1. d4 1... g6 {Opening = A42 - 2.c4 g6 3.Nc3 Bg7 4.e4} 2. c4 Bg7 3. e4 d6 4.
Nc3 Nc6 5. d5 5... Nb8 $146 (5... Nd4 6. Be3 (6. Nge2 e5 7. Be3 Bg4 8. Qd2 Bxe2
9. Bxe2 c5 10. dxc6 bxc6 11. O-O Ne7 12. b4 O-O 13. Rab1 Kh8 14. Bd3 f5 15. f3
d5 16. cxd5 cxd5 17. exf5 gxf5 18. Bxd4 exd4 19. Na4 Qd6 20. Nc5 20... Ng6 {
Cebalo,M-Sulava,N/op, Toscolano ITA (7) 1996/1-0 (49)}) 6... c5 7. Nge2 Qb6 8.
Na4 Qa5+ 9. Bd2 Qa6 (9... Qc7 10. Bc3 e5 11. dxe6 Nxe6 12. Bxg7 Nxg7 13. Nec3
Nf6 14. Bd3 O-O 15. O-O Ne6 16. f4 Nd4 17. Qd2 Bd7 18. Rae1 Bc6 19. f5 Rae8 20.
Re3 a6 21. Rh3 b5 22. Qh6 bxa4 23. g4 Re5 24. g5 {
Burgess,G-Phillips,R/4NCL, Kenilworth ENG 1997/1-0 (46)}) 10. Nxd4 Bxd4 11. Nc3
Qb6 (11... Bd7 12. Bd3 h5 13. h3 Nh6 14. Qc1 Bg7 15. O-O b6 16. Re1 Qc8 17. Kh2
Kd8 18. a4 a5 19. f4 Rh7 20. e5 Bf5 21. Qc2 Bxd3 22. Qxd3 Qf5 23. Qf3 g5 24.
exd6 exd6 25. Qe4 Qxe4 26. Nxe4 {
1-0 Vaisser,A-Baumegger,S/EU-ch, Athens GRE 1997 (26)}) 12. Bd3 Bd7 13. O-O h5
14. Qc2 Nh6 15. Ne2 Bg7 16. Rab1 a5 17. h3 Kf8 18. Bg5 Ng8 19. f4 h4 20. e5 {
Biriukov,O-Chepukaitis,G/ch-city, St Petersburg RUS 1997/1-0 (42)}) (5... Ne5
6. f4 Nd7 7. Nf3 c6 8. Be2 Qb6 9. Na4 Qc7 10. O-O Ngf6 11. Bd3 O-O 12. Kh1 cxd5
13. cxd5 b5 14. Nc3 b4 15. Nb5 Qb6 16. Qe2 Nc5 17. Be3 Qb8 18. Rac1 Nxd3 19.
Qxd3 Ba6 20. Nfd4 {Brooke,J-Dunnington,A/Oxford ENG 1998/0-1 (33)}) 6. Bd3 e5
7. Be3 Ne7 8. Qa4+ Bd7 9. Qb3 9... b6 {Kontrolliert c5} 10. Bg5 O-O 11. Nge2 f6
12. Bh4 g5 13. Bg3 13... f5 {Nimzowitsch: Bauernketten von der Basis aufrollen}
14. f3 14... f4 {Schwarz erobert Raum} 15. Bf2 15... h5 {
Schwarz bereitet g4 vor} 16. h4 (16. c5 Be8 (16... dxc5 $2 17. d6+ Kh8 18. dxe7
Qxe7 19. O-O $18) 17. c6 17... Bf7 $14) 16... g4 {
Greift die Basis der Bauernkette an} 17. fxg4 17... Bxg4 {
Der Laeufer ist gut plaziert} 18. O-O-O Ng6 19. Qb4 Na6 20. Qa4 Nc5 21. Qc2 Bh6
22. Kb1 22... Qf6 $11 {Jetzt haengt f3 in der Luft} (22... Nxd3 23. Rxd3 (23.
Qxd3 $2 23... f3 24. Bg3 fxe2 25. Nxe2 25... b5 $19) 23... a6 24. Ng1 $15) 23.
Rdf1 Nxd3 24. Qxd3 f3 (24... a6 25. Ng1 $11) 25. gxf3 25... Qxf3 {
Schwarz erhaelt starke Drohungen in der geoeffneten f-Linie.} 26. Qd1 26... Qg2
$14 (26... Nf4 27. Rhg1 Qd3+ 28. Qc2 Qxc4 29. Ng3 $15) 27. Rhg1 Qh3 28. Ka1 Nf4
29. Nxf4 $11 (29. Qb1 Nxe2 30. Nxe2 30... Kh8 $14) 29... Rxf4 {
Der Turm dominiert} 30. Qb1 $15 (30. Ne2 Rf7 31. Qc2 31... Raf8 $15) 30... Raf8
{Nun geraet Weiss unter starken Druck.} 31. Qc2 $4 $19 (31. Rh1 Qg2 32. Rhg1
Rxf2 33. Rxg2 Rxf1 34. Nd1 $19) 31... Kh7 32. Nb5 Rf3 (32... Qh2 $5 {
damit wuerde Schwarz es sich noch erleichtern} 33. Qb1 Rxf2 34. Nxc7 Rxf1 35.
Rxf1 $19) 33. Nc3 (33. Nxc7 Qh2 34. Qb1 Rxf2 35. Rxf2 35... Qxf2 $19) 33... Be3
34. Nd1 (34. Bxe3 Rxf1+ 35. Rxf1 Qxf1+ 36. Nb1 36... Be2 $19) 34... Bxf2 35.
Rxf2 35... Rxf2 {Es droht Matt} (35... Qxh4 $6 {ist klar schwaecher} 36. Rxf3
Bxf3 37. Qa4 $15) 36. Nxf2 Qh2 (36... Qxh4 $6 {ist schnell zu verwerfen} 37.
Nxg4 Qxg4 38. Rh1 $15) 37. Rf1 37... Bh3 $17 (37... Qg2 $142 {
und Weiss kann direkt aufgeben} 38. Qb1 38... Be2 $19) 38. Qe2 $4 $19 {
fuehrt zu weiterem Ungemach} (38. Qd1 38... Rxf2 $1 {bringt Schwarz in Vorteil}
39. Qxh5+ Kg7 40. Qg5+ Kf7 41. Rb1 $19) 38... Bxf1 $11 (38... Kg6 $142 {
ist der schnellste Weg} 39. Re1 39... Qxf2 $19) 39. Qxh5+ Kg7 40. Qg4+ Kf7 41.
Qe6+ Kg7 42. Qg4+ Kf6 43. Qe6+ Kg7 44. Qg4+ 1/2-1/2

[Event "ICS rated blitz match"]
[Site "204.178.125.65"]
[Date "1999.08.10"]
[Round "?"]
[White "Big-Pawn"]
[Black "Hossa"]
[Result "1-0"]
[WhiteElo "2107"]
[BlackElo "2456"]
[Annotator "Fritz 5.32 (19s)"]
[PlyCount "51"]
[EventDate "1999.??.??"]

1. Nf3 1... g6 {Opening = B10 -(2.Nf3 d5 3.Nc3 ---)} 2. g3 d5 3. Bg2 Bg7 4. O-O
e5 5. d3 Ne7 6. Nbd2 (6. e4 O-O 7. Nc3 d4 8. Ne2 c5 9. c4 Nbc6 10. a3 a5 11. b3
Bd7 12. Rb1 Nc8 13. Ne1 Nd6 14. Qc2 Qc7 15. f4 f5 16. exf5 Nxf5 17. Bd5+ Kh8
18. Ng2 Rae8 19. Bd2 b6 20. Rbe1 20... exf4 {
Bezold,M-Kharitonov,A/Stockholm SWE 1999/0-1 (40)}) 6... O-O 7. e4 7... c6 $146
(7... Nbc6 8. exd5 (8. c3 a5 9. a4 h6 10. exd5 Nxd5 11. Nc4 Bf5 12. Re1 Re8 13.
Nh4 Be6 14. Bd2 Qd7 15. Qb3 Nde7 16. Bf1 Rad8 17. Rad1 b6 18. Bc1 g5 19. Ng2
Bg4 20. Be2 Bxe2 21. Rxe2 Nf5 22. Ree1 22... Nfd4 {
Frias,V-Baburin,A/2nd Mechanics, San Francisco USA 1997/0-1 (34)}) 8... Nxd5 9.
Re1 Re8 10. c3 h6 11. a4 a5 12. Nc4 Ra6 13. Qc2 Nb6 14. Nxb6 Rxb6 15. Be3 Ra6
16. Rad1 Bf5 17. Qb3 Qc8 18. Bc5 Be6 19. Qc2 Bg4 20. Re3 Ra8 21. Rde1 Qd7 22.
Nd2 {Mirumian,V-Tolstikh,N/op, Decin CZE (9) 1996/ - (42)}) 8. Qe2 Bg4 9. h3
Bxf3 10. Nxf3 Qd6 11. Nh2 f5 12. f4 (12. Bg5 12... Nc8 $11) 12... fxe4 {
Raumgewinn} (12... dxe4 13. dxe4 exf4 14. Qc4+ (14. Rxf4 $143 14... Be5 $15)
14... Kh8 15. Bxf4 $14 (15. Rxf4 $143 15... Be5 $17)) 13. dxe4 exf4 (13... Qc5+
14. Kh1 dxe4 15. Bxe4 exf4 16. Bxf4 $11) 14. Bxf4 {
Weiss erhaelt Koenigsangriff.} 14... Be5 $16 (14... Qe6 15. c3 $11) 15. Bh6 $11
(15. Bxe5 $5 15... Qxe5 16. Rxf8+ Kxf8 17. Qf2+ Kg8 18. Rf1 $16) 15... Rc8 16.
exd5 16... Bxg3 $14 (16... Nf5 $5 17. Bf4 Bd4+ 18. Rf2 18... Qd7 $14) 17. Ng4
17... Nxd5 $2 $18 (17... Nf5 $14 $142 {und Schwarz kann noch kaempfen}) 18.
Bxd5+ cxd5 19. Nf6+ Kh8 20. Ne8 {Droht Matt: Bg7} 20... Qc5+ (20... Nd7 21.
Bg7+ Kg8 22. Nxd6 Bxd6 23. Qe6+ Kxg7 24. Rf7+ Kh8 25. Rxd7 Rf8 26. Qxd6 Rf7 27.
Rxf7 Kg8 28. Qf6 Re8 29. Qg7#) 21. Kh1 $1 {die Entscheidung} 21... Rc6 (21...
Rc7 {macht keinen grossen Unterschied} 22. Qf3 Qg1+ 23. Rxg1 Bf4 24. Qxf4 Rf7
25. Qxf7 Nc6 26. Bg7#) 22. Rf8+ $18 (22. Qf3 Bf4 23. Qxf4 Qg1+ 24. Kxg1 Nd7 25.
Qf8+ Nxf8 26. Rxf8#) 22... Qxf8 {
Schwarz kann das gewonnene Material nicht behalten} 23. Bxf8 {Droht Matt: Qe7}
23... Kg8 {Mit Bh4 waere Schwarz nun aus dem Groebsten heraus} 24. Rf1 (24. Qe7
Be5 25. Bg7 Nd7 26. Bxe5 Nxe5 27. Qg7#) 24... Bh4 (24... Be5 {
kann das Vorangegangene nicht ungeschehen machen} 25. Qxe5 Rf6 26. Qxf6 Nc6 27.
Qg7#) 25. Qe5 Bg5 (25... Rf6 {aendert nichts am Ausgang der Partie} 26. Nxf6+
Kh8 27. Ne8+ Bf6 28. Qxf6+ Kg8 29. Qg7#) 26. Qg7# 1-0

[Event "ICS rated blitz match"]
[Site "204.178.125.65"]
[Date "1999.08.10"]
[Round "?"]
[White "Hossa"]
[Black "Big-Pawn"]
[Result "1-0"]
[WhiteElo "2428"]
[BlackElo "2135"]
[Annotator "Fritz 5.32 (19s)"]
[PlyCount "95"]
[EventDate "1999.??.??"]

1. d4 1... g6 {Opening = A42 - 2.c4 g6 3.Nc3 Bg7 4.e4} 2. c4 Bg7 3. e4 d6 4.
Nc3 Nc6 5. d5 5... Nb8 $146 (5... Nd4 6. Be3 (6. Nge2 e5 7. Be3 Bg4 8. Qd2 Bxe2
9. Bxe2 c5 10. dxc6 bxc6 11. O-O Ne7 12. b4 O-O 13. Rab1 Kh8 14. Bd3 f5 15. f3
d5 16. cxd5 cxd5 17. exf5 gxf5 18. Bxd4 exd4 19. Na4 Qd6 20. Nc5 20... Ng6 {
Cebalo,M-Sulava,N/op, Toscolano ITA (7) 1996/1-0 (49)}) 6... c5 7. Nge2 Qb6 8.
Na4 Qa5+ 9. Bd2 Qa6 (9... Qc7 10. Bc3 e5 11. dxe6 Nxe6 12. Bxg7 Nxg7 13. Nec3
Nf6 14. Bd3 O-O 15. O-O Ne6 16. f4 Nd4 17. Qd2 Bd7 18. Rae1 Bc6 19. f5 Rae8 20.
Re3 a6 21. Rh3 b5 22. Qh6 bxa4 23. g4 Re5 24. g5 {
Burgess,G-Phillips,R/4NCL, Kenilworth ENG 1997/1-0 (46)}) 10. Nxd4 Bxd4 11. Nc3
Qb6 (11... Bd7 12. Bd3 h5 13. h3 Nh6 14. Qc1 Bg7 15. O-O b6 16. Re1 Qc8 17. Kh2
Kd8 18. a4 a5 19. f4 Rh7 20. e5 Bf5 21. Qc2 Bxd3 22. Qxd3 Qf5 23. Qf3 g5 24.
exd6 exd6 25. Qe4 Qxe4 26. Nxe4 {
1-0 Vaisser,A-Baumegger,S/EU-ch, Athens GRE 1997 (26)}) 12. Bd3 Bd7 13. O-O h5
14. Qc2 Nh6 15. Ne2 Bg7 16. Rab1 a5 17. h3 Kf8 18. Bg5 Ng8 19. f4 h4 20. e5 {
Biriukov,O-Chepukaitis,G/ch-city, St Petersburg RUS 1997/1-0 (42)}) (5... Ne5
6. f4 Nd7 7. Nf3 c6 8. Be2 Qb6 9. Na4 Qc7 10. O-O Ngf6 11. Bd3 O-O 12. Kh1 cxd5
13. cxd5 b5 14. Nc3 b4 15. Nb5 Qb6 16. Qe2 Nc5 17. Be3 Qb8 18. Rac1 Nxd3 19.
Qxd3 Ba6 20. Nfd4 {Brooke,J-Dunnington,A/Oxford ENG 1998/0-1 (33)}) 6. Bd3 e5
7. Be3 Ne7 8. Qa4+ Bd7 9. Qb3 9... b6 {Staerkt c5} 10. Bg5 O-O 11. Nge2 f6 12.
Bh4 g5 13. Bg3 13... f5 {Der Standardhebel} 14. f3 14... f4 {
Schwarz erobert Raum} 15. Bf2 Na6 16. O-O 16... h5 {Schwarz bereitet g4 vor}
17. Qa3 Nc5 18. Bb1 18... g4 {Der thematische Vorstoss} 19. Bh4 Qe8 20. b4 Nb7
21. fxg4 $11 (21. Nb5 Bxb5 22. Bxe7 Qxe7 23. cxb5 23... Qh4 $14) 21... Bxg4 $14
(21... Ng6 22. Bg5 hxg4 23. Nb5 $11) 22. Qa6 Ng6 23. Bg5 $15 (23. Be1 $5 $142 {
muss erwogen werden} 23... Nd8 24. Qa3 $14) 23... f3 $16 (23... Nd8 $142 {
sieht noch spielbar aus} 24. Bxd8 24... Qxd8 $15) 24. gxf3 24... Bxf3 $4 $18 {
und es geht weiter bergab. .} (24... Bc8 $16 $142) 25. Qxb7 Ne7 (25... Nf4 26.
Nxf4 exf4 27. Rxf3 Bxc3 28. Rxc3 28... Qe5 $18) 26. Bxe7 (26. Ng3 $142 {
liesse Schwarz keine Chance} 26... Qc8 27. Qxc8 Nxc8 28. h3 $18) 26... Qxe7 27.
Rxf3 27... Rxf3 {Droht Matt} 28. Qxa8+ Rf8 29. Qxf8+ $1 {entscheidend} (29.
Qxa7 $4 {Weiss schlaegt einen vergifteten Bauern} 29... Qg5+ 30. Ng3 Qe3+ 31.
Kg2 Rf2+ 32. Kh3 Qf3 33. Qb8+ Kh7 34. Qc8 Qg2+ 35. Kh4 Qxh2+ 36. Qh3 Bf6+ 37.
Kxh5 Qxh3#) 29... Bxf8 30. Bc2 Qg5+ 31. Kh1 Qd2 32. Rg1+ Kf7 33. Bb3 Bh6 34. a4
Be3 35. Rd1 Qb2 36. Rb1 36... Qa3 $4 {
der starke Druck provoziert weitere Fehler} (36... Qd2 $142 37. Rf1+ 37... Kg6
$18) 37. Ba2 {Weiss droht Rb3} 37... Bd4 (37... a5 {aendert nichts mehr} 38.
Rb3 axb4 39. Rxa3 bxa3 40. Nb5 $18) 38. Rb3 {
Weiss fuehrt die Partie kraftvoll zu Ende} (38. Nxd4 {
scheint erheblich schwaecher} 38... exd4 39. Rf1+ Kg6 40. Rg1+ 40... Kh7 $19)
38... Qxb3 39. Bxb3 Be3 (39... a6 {nuetzt auch nichts mehr} 40. Kg2 $18) 40.
Nb5 c5 (40... Bd2 $18 {lenkt den Gegner vielleicht noch ab}) 41. dxc6 Ke7 42.
Nec3 a6 43. Nd5+ Kd8 (43... Kf7 {holt die Kuh nicht vom Eis} 44. Nxd6+ $1 {
zwingend und schoen} 44... Kg6 45. c7 Kg7 46. Nf5+ Kf7 47. Bd1 Bg5 48. c8=Q Bd8
49. Bxh5+ Kg8 50. Qxd8+ Kh7 51. Nf6#) 44. Nxd6 b5 (44... Bc5 {
hilft auch nicht mehr} 45. c7+ Kd7 46. c8=Q+ Kxd6 47. Qc7+ Ke6 48. bxc5 b5 49.
Qe7#) 45. c7+ Kd7 46. c8=Q+ Kxd6 47. Qc7+ Ke6 48. Qe7# 1-0

[Event "ICS rated blitz match"]
[Site "204.178.125.65"]
[Date "1999.08.10"]
[Round "?"]
[White "Hossa"]
[Black "Big-Pawn"]
[Result "1-0"]
[WhiteElo "2406"]
[BlackElo "2157"]
[Annotator "Fritz 5.32 (19s)"]
[PlyCount "97"]
[EventDate "1999.??.??"]

1. d4 1... g6 {Opening = A42 - 2.c4 g6 3.Nc3 Bg7 4.e4} 2. c4 Bg7 3. e4 d6 4.
Nc3 Nc6 5. d5 5... Nb8 $146 (5... Nd4 6. Be3 (6. Nge2 e5 7. Be3 Bg4 8. Qd2 Bxe2
9. Bxe2 c5 10. dxc6 bxc6 11. O-O Ne7 12. b4 O-O 13. Rab1 Kh8 14. Bd3 f5 15. f3
d5 16. cxd5 cxd5 17. exf5 gxf5 18. Bxd4 exd4 19. Na4 Qd6 20. Nc5 20... Ng6 {
Cebalo,M-Sulava,N/op, Toscolano ITA (7) 1996/1-0 (49)}) 6... c5 7. Nge2 Qb6 8.
Na4 Qa5+ 9. Bd2 Qa6 (9... Qc7 10. Bc3 e5 11. dxe6 Nxe6 12. Bxg7 Nxg7 13. Nec3
Nf6 14. Bd3 O-O 15. O-O Ne6 16. f4 Nd4 17. Qd2 Bd7 18. Rae1 Bc6 19. f5 Rae8 20.
Re3 a6 21. Rh3 b5 22. Qh6 bxa4 23. g4 Re5 24. g5 {
Burgess,G-Phillips,R/4NCL, Kenilworth ENG 1997/1-0 (46)}) 10. Nxd4 Bxd4 11. Nc3
Qb6 (11... Bd7 12. Bd3 h5 13. h3 Nh6 14. Qc1 Bg7 15. O-O b6 16. Re1 Qc8 17. Kh2
Kd8 18. a4 a5 19. f4 Rh7 20. e5 Bf5 21. Qc2 Bxd3 22. Qxd3 Qf5 23. Qf3 g5 24.
exd6 exd6 25. Qe4 Qxe4 26. Nxe4 {
1-0 Vaisser,A-Baumegger,S/EU-ch, Athens GRE 1997 (26)}) 12. Bd3 Bd7 13. O-O h5
14. Qc2 Nh6 15. Ne2 Bg7 16. Rab1 a5 17. h3 Kf8 18. Bg5 Ng8 19. f4 h4 20. e5 {
Biriukov,O-Chepukaitis,G/ch-city, St Petersburg RUS 1997/1-0 (42)}) (5... Ne5
6. f4 Nd7 7. Nf3 c6 8. Be2 Qb6 9. Na4 Qc7 10. O-O Ngf6 11. Bd3 O-O 12. Kh1 cxd5
13. cxd5 b5 14. Nc3 b4 15. Nb5 Qb6 16. Qe2 Nc5 17. Be3 Qb8 18. Rac1 Nxd3 19.
Qxd3 Ba6 20. Nfd4 {Brooke,J-Dunnington,A/Oxford ENG 1998/0-1 (33)}) 6. Bd3 e5
7. Be3 Ne7 8. Qa4+ Bd7 9. Qb3 9... b6 {Kontrolliert c5} 10. Bg5 O-O 11. Nge2 f6
12. Bh4 g5 13. Bg3 13... f5 {Nimzowitsch: Bauernketten von der Basis aufrollen}
14. f3 14... f4 {Schwarz engt den Gegner ein} 15. Bf2 h6 16. O-O (16. c5 Bc8 (
16... dxc5 $2 17. d6+ Kh8 18. dxe7 Qxe7 19. O-O $18) 17. c6 17... Na6 $16)
16... h5 {Ermoeglicht auch g4} 17. Rad1 17... g4 {
Greift die Basis der Bauernkette an} 18. Bh4 Qe8 19. Qa3 Ng6 20. Be1 $11 (20.
Bg5 Bf6 21. Bxf6 21... Rxf6 $11) 20... h4 $14 (20... gxf3 $5 21. Rxf3 21... Bg4
$11) 21. fxg4 $11 (21. Nb5 21... Qc8 $14) 21... Bxg4 22. Nb5 $15 (22. h3 22...
Bh5 $11) 22... Qe7 $11 (22... Qd7 $5 23. h3 f3 24. hxg4 24... Qxg4 $11) 23.
Nxa7 $15 (23. h3 23... Bh5 $11) 23... f3 24. gxf3 Bxf3 25. Rxf3 Rxf3 26. Kh1 $2
(26. Bd2 $19) 26... Rf1+ (26... Qg5 $142 {sichert den Gewinn} 27. Bd2 27... Qh5
$19) 27. Ng1 27... Qg5 $4 $18 {und der Gewinn ist perdu} (27... Rxg1+ $142 {
Schwarz haette nun das bessere Spiel} 28. Kxg1 Qg5+ 29. Kh1 29... Qg4 $19) 28.
Bxf1 Nf4 (28... Qg4 {aendert nichts am Ausgang der Partie} 29. Rd2 Qxe4+ 30.
Nf3 $18) 29. Nh3 (29. Bf2 {waere im Gewinnsinne praeziser} 29... c5 30. Qb3
Rxa7 31. Qxb6 31... Ra8 $18) 29... Qg4 30. Nf2 Qg5 (30... Qd7 {
aendert nichts mehr} 31. Bd2 Qf7 32. Bxf4 Qxf4 33. Kg1 $18) 31. Bb4 (31. Qa4 $5
{laesst dem Gegner kaum Chancen} 31... Qh5 32. Bd2 Qf7 33. Bxf4 33... exf4 $18)
31... Nd7 (31... Qh5 {hilft allerdings auch nicht} 32. Bd2 $18) 32. Qa4 (32.
Bh3 {und Weiss haette es noch leichter} 32... Nxh3 33. Qxh3 Nc5 34. Bxc5 34...
bxc5 $18) 32... Nf6 33. Re1 33... Qh5 {Will h3 spielen} 34. Qa3 (34. Re3 $5
$142 {damit wuerde Weiss es sich noch erleichtern} 34... Qf7 35. Be1 Ng4 36.
Nxg4 36... Nxd5 $18) 34... Rf8 (34... Qf7 $18) 35. Nb5 Ng4 (35... Ne8 {
nuetzt auch nichts mehr} 36. Qe3 $18) 36. Nxg4 Qxg4 37. Nxc7 h3 (37... Rf6 {
kann das Vorangegangene nicht ungeschehen machen} 38. h3 Qg6 39. Qe3 $18) 38.
Bxd6 (38. Qg3 $142 {ist der schnellste Weg} 38... Qxg3 39. hxg3 39... Nh5 $18)
38... Rf7 (38... Rf6 {der letzte Widerstandsversuch} 39. Qg3 Qxg3 40. hxg3 Nh5
41. Bxh3 Rxd6 42. Be6+ Kf8 43. Rf1+ 43... Bf6 $18) 39. Qg3 {
Weiss zwingt den Gegner mit starken Drohungen nieder} 39... Qxg3 {Es droht Matt
} 40. hxg3 Nh5 41. Bxh3 Nxg3+ (41... Rf2 {hilft auch nicht mehr} 42. Bg4 Nf6
43. Be6+ Kh7 44. Bxe5 $18) 42. Kh2 Nh5 (42... Rf3 {holt die Kuh nicht vom Eis}
43. Ne6 Nh5 44. Bg4 $18) 43. Be6 Nf4 44. Bxf7+ (44. Rg1 $5 {
gibt noch groesseren Vorteil} 44... Ne2 45. Rg5 Nd4 46. Bxf7+ Kxf7 47. Rxg7+
Kxg7 48. Bxe5+ Kf7 49. Bxd4 49... b5 $18) 44... Kxf7 45. Rf1 Bf6 46. Na8 Nd3
47. Nxb6 Ke8 48. Rxf6 Kd8 (48... Nxb2 {macht keinen grossen Unterschied} 49.
Rf8#) 49. Rf8# 1-0